| 000 | 00426cam a2200145ua 4500 | ||
|---|---|---|---|
| 003 | OSt | ||
| 008 | 230320b |||||||| |||| 00| 0 eng d | ||
| 020 | _a81 7336 249 1 | ||
| 041 | _aeng | ||
| 082 |
_a627.8 _bCBI/UN |
||
| 245 | _aUnusual storm events and their relevance to dam safety and snow hydrology / | ||
| 260 |
_aNew Delhi : _bCentral Board of Irrigation and Power (CBIP) , _c1993. |
||
| 300 | _a385 ; . | ||
| 942 | _cBK | ||
| 999 |
_c5693 _d5693 |
||